| 000 | 01110cam a2200265 i 4500 | ||
|---|---|---|---|
| 003 | SA-RiAUC | ||
| 005 | 20241010070733.0 | ||
| 008 | 241009s1994 ua g f000 0 ara c | ||
| 020 | _a9772050714 | ||
| 040 |
_aKW-ShULA _bara _cSA-RiAUC _erda |
||
| 082 | 0 | 4 | _a261.3 |
| 090 |
_a216.3 _bا ب ن ق |
||
| 100 | 1 |
_aابن القيسراني، محمد بن طاهر بن علي، _d448-507 هجري _eمؤلف. |
|
| 245 | 1 | 1 |
_aكتاب السماع / _cابن القيسراني ؛ تحقيق أبي الوفا المراغي. |
| 246 | 3 | 0 | _aالسماع |
| 264 | 1 |
_aالقاهرة : _bوزارة الأوقاف، المجلس الأعلى للشؤون الإسلامية، لجنة إحياء التراث الإسلامي، _c1994 |
|
| 300 |
_a103 صفحة ؛ _c28 سم |
||
| 336 |
_aنص _btxt _2rdacontent _3كتاب |
||
| 337 |
_aبدون وسيط _bn _2rdamedia |
||
| 338 |
_aمجلد _bnc _2rdacarrier |
||
| 650 | 7 |
_aالغناء (فقه إسلامي) _2aucsh |
|
| 700 | 1 |
_aالمراغي، أبو الوفا مصطفى _eمحقق. |
|
| 942 |
_2ddc _cBOOK _n0 |
||
| 949 |
_aSA-JeALM _d241009 _umohamedma123 _n1 |
||
| 999 |
_c1110 _d1110 |
||